| 000 | 00000nam 2200000zi 4500 |
| 001 | 9.933699 |
| 003 | CaOODSP |
| 005 | 20241108131814 |
| 006 | m o d f |
| 007 | cr |n |||||||| |
| 008 | 240209s2024 onc ol f|0| 0|fre d |
| 040 | |aCaOODSP|bfre|erda|cCaOODSP |
| 041 | |afre|aeng |
| 043 | |an-cn---|an-cn-bc |
| 086 | 1 |aYB441-16/1-PDF |
| 110 | 1 |aCanada. |bParlement. |bSénat, |eorganisme de publication. |
| 245 | 13|aAn Act respecting the recognition of the Haida Nation and the Council of the Haida Nation = |bLoi concernant la reconnaissance de la Nation haïda et du Conseil de la Nation haïda. |
| 246 | 11|aLoi concernant la reconnaissance de la Nation haïda et du Conseil de la Nation haïda |
| 246 | 31|iTitre abrégé : |aLoi sur la reconnaissance de la Nation haïda |
| 264 | 1|a[Ottawa] : |bSenate of Canada = Sénat du Canada, |c2024. |
| 300 | |a1 ressource en ligne (iii, 4 pages). |
| 336 | |atexte|btxt|2rdacontent/fre |
| 337 | |ainformatique|bc|2rdamedia/fre |
| 338 | |aressource en ligne|bcr|2rdacarrier/fre |
| 490 | 1 |aProjet de loi S-... ; |vProjet de loi S-16, 1re session, 44e législature |
| 500 | |a« Première lecture le 8 février 2024. » |
| 520 | |a« Le texte met en œuvre certains articles de l’accord intitulé « Nang K̲’uula • Nang K̲′úulaas Recognition Agreement » »--Sommaire, page ii. |
| 546 | |aTexte en français et en anglais. |
| 610 | 26|aConseil de la Nation Haïda. |
| 650 | 6|aHaida|xDroit|vLégislation. |
| 650 | 6|aHaida|xDroit|zColombie-Britannique|vLégislation. |
| 650 | 6|aHaida|xRelations avec l'État. |
| 650 | 6|aHaida|zColombie-Britannique|xRelations avec l'État. |
| 650 | 6|aHaida|zColombie-Britannique|xPolitique et gouvernement. |
| 655 | 7|aProjets de loi|2rvmgf |
| 791 | |tAn Act respecting the recognition of the Haida Nation and the Council of the Haida Nation = |eeng|w(CaOODSP)9.933696 |
| 830 | #0|aProjet de loi S-...|vProjet de loi S-16, 1re session, 44e législature.|w(CaOODSP)9.500666 |
| 856 | 40|qPDF|s137 KB|uhttps://publications.gc.ca/collections/collection_2024/sen/YB441-16-1.pdf |
| 856 | 4 |qHTML|sS.O.|uhttps://www.parl.ca/documentviewer/fr/44-1/projet-loi/S-16/premiere-lecture |